000 00735cab a2200205 4500
001 ABS36968
008 090401t1986 xxu||||| |||| 00| 0 eng d
035 _a(Sirsi) u1275
041 _aeng
100 _aBaker, D.
245 _aScottish airborne thermographic survey highlights massive waste
260 _c1986
350 _a0
490 _aEnergy Management Focus
_v(8) September 1986, 8-9 (2)
520 _aReports on the largest airborne thermographic survey ever carried out in Britain which is providing irrefutable evidence of massive heat loss in all classes of building in Central Scotland .
650 _aENERGY CONSERVATION
690 _aENVIRONMENTAL AND LAND CONSULTANCY-ENERGY
942 _n0
948 _c04/03/1997
999 _c695
_d695